[Event "Tourn. n8728"]
[Site "www.chess-mail.com"]
[Date "2016.05.19"]
[Round "1"]
[White "Matchbox"]
[Black "Attatroll"]
[WhiteElo "1800"]
[BlackElo "1940"]
[Result "1-0"]
[Round "1"]
1.e4 d5
2.exd5 Qd8xd5
3.d4 Ng8f6
4.Ng1f3 e6
5.Nb1c3 Qd5a5
6.Bc1d2 Bf8b4
7.a3 Bb4e7
8.Bf1d3 c6
9.O-O O-O
10.Nf3e5 Nb8d7
11.Ne5c4 Qa5d8
12.Rf1e1 Rf8e8
13.Nc4e5 Nd7xe5
14.dxe5 Nf6d5
15.Nc3xd5 exd5
16.b4 Bc8e6
17.f4 Qd8d7
18.Re1f1 c5
19.f5 Be6xf5
20.Bd3xf5 Qd7xf5
21.Rf1xf5 { resign }
1-0

[Event "Tourn. n8722"]
[Site "www.chess-mail.com"]
[Date "2016.05.19"]
[Round "1"]
[White "Osmundw"]
[Black "Genius1"]
[WhiteElo "1350"]
[BlackElo "1430"]
[Result "0-1"]
[Round "1"]
1.e4 g6
2.Bf1e2 Bf8g7
3.b3 Bg7xa1
4.c3 d6
5.f3 Nb8c6
6.d4 Ng8f6
7.Bc1g5 O-O
8.f4 Nf6xe4
9.Be2c4 d5
10.Nb1d2 Ba1xc3
11.Ng1f3 dxc4
12.bxc4 Ne4xg5
13.fxg5 Nc6xd4
14.Qd1c1 Nd4xf3
15.gxf3 Qd8d4
16.Rh1f1 Rf8d8
17.h4 Bc3xd2
18.Qc1xd2 Qd4xd2
{ resign }
0-1

[Event "Tourn. n8647"]
[Site "www.chess-mail.com"]
[Date "2016.05.19"]
[Round "1"]
[White "Passaroa25"]
[Black "Falcoale"]
[WhiteElo "1580"]
[BlackElo "1580"]
[Result "0-1"]
[Round "1"]
1.e4 c5
2.Ng1e2 Nb8c6
3.c3 e6
4.Ne2g3 Ng8f6
5.f3 d5
6.d3 b6
7.Nb1d2 Bf8e7
8.Bf1e2 Bc8b7
9.Nd2b3 O-O
10.Bc1e3 Qd8c7
11.Be3f2 Ra8d8
12.O-O dxe4
13.Ng3xe4 Nc6e5
14.Qd1c2 Nf6xe4
15.dxe4 c4
16.Nb3d4 a6
17.a4 Be7f6
18.Rf1d1 Rd8d7
19.Bf2g3 Qc7d8
20.b4 Qd8c8
21.f4 Ne5d3
22.Rd1f1 Bf6xd4
23.cxd4 Bb7xe4
24.Qc2c3 Rf8d8
25.Be2f3 Rd7xd4
26.Rf1d1 f5
27.Bg3h4 Rd8d7
28.Bf3xe4 fxe4
29.Ra1a2 e5
30.fxe5 Rd7d5
31.Bh4g3 Qc8g4
32.e6 Qg4xe6
33.Rd1d2 e3
34.Rd2e2 Nd3c1
35.Qc3xc1 Rd4d1
36.Re2e1 Rd1xc1
37.Re1xc1 e2
38.h3 Rd5d1
39.Kh2 Rd1xc1
40.Ra2xe2 Qe6xe2
41.Bg3f4 Rc1f1
42.Kg3 c3
{ resign }
0-1

[Event "Tourn. n8734"]
[Site "www.chess-mail.com"]
[Date "2016.05.19"]
[Round "1"]
[White "Antuan72"]
[Black "Francesco"]
[WhiteElo "1920"]
[BlackElo "1970"]
[Result "0-1"]
[Round "1"]
1.e4 c6
2.d4 d5
3.exd5 cxd5
4.Ng1f3 Bc8g4
5.Bf1e2 e6
6.O-O Bf8d6
7.Nb1c3 Ng8f6
8.h3 Bg4h5
9.a3 O-O
10.Bc1g5 Nb8d7
11.Qd1d2 Ra8c8
12.Ra1c1 Qd8b6
13.Bg5xf6 Nd7xf6
14.Nc3a4 Qb6c7
15.Na4c3 a6
16.g4 Bh5g6
17.Nf3h4 Nf6e4
18.Nc3xe4 Bd6h2
19.Kh1 Bg6xe4
20.f3 Bh2f4
21.Qd2d1 Bf4xc1
22.fxe4 Bc1xb2
23.Be2d3 Bb2xd4
24.exd5 exd5
25.Nh4f5 Bd4b6
26.Nf5d4 Bb6xd4
27.Bd3xh7 Kxh7
28.Qd1xd4 Qc7xc2
{ resign }
0-1

[Event "Tourn. n8755"]
[Site "www.chess-mail.com"]
[Date "2016.05.19"]
[Round "1"]
[White "Amo"]
[Black "Osopanda"]
[WhiteElo "1809"]
[BlackElo "1950"]
[Result "0-1"]
[Round "1"]
1.c4 c6
2.b4 d5
3.cxd5 cxd5
4.e3 Nb8c6
5.Qd1a4 Bc8d7
6.b5 Nc6a5
7.d4 a6
8.Bc1d2 axb5
 { time }
0-1

[Event "Tourn. n8747"]
[Site "www.chess-mail.com"]
[Date "2016.05.19"]
[Round "1"]
[White "Koumaak"]
[Black "Romaamor69"]
[WhiteElo "1760"]
[BlackElo "1859"]
[Result "0-1"]
[Round "1"]
1.e4 e6
2.d3 d5
3.Nb1d2 Ng8f6
4.e5 Nf6d7
5.d4 c5
6.c3 Nb8c6
7.Bf1b5 cxd4
8.Bb5xc6 bxc6
9.cxd4 c5
10.Ng1f3 Bc8a6
11.Nd2b3 Ra8b8
12.Bc1e3 c4
13.Nb3d2 Rb8xb2
14.Qd1a4 Qd8b6
15.O-O Ba6b5
16.Qa4d1 c3
17.Nd2b3 c2
18.Qd1c1 Bf8a3
19.Nf3d2 O-O
20.Ra1b1 cxb1Q
21.Nd2xb1 Rb2xf2
22.Nb1xa3 Rf2xf1
23.Qc1xf1 Bb5xf1
24.Kxf1 Qb6a6
25.Kf2 Qa6xa3
26.h4 Qa3xa2
27.Nb3d2 a5
28.g4 a4
29.g5 a3
30.h5 Qa2c2
31.g6 fxg6
32.Kg3 gxh5
33.Kh4 Qc2f5
34.Be3g5 Qf5g4
{ resign }
0-1

[Event "Tourn. n8772"]
[Site "www.chess-mail.com"]
[Date "2016.05.19"]
[Round "1"]
[White "Picifarkinca"]
[Black "Viru"]
[WhiteElo "1780"]
[BlackElo "1840"]
[Result "1-0"]
[Round "1"]
1.Ng1f3 d6
2.g3 Ng8f6
3.Bf1g2 h6
4.b3 c5
5.Bc1b2 e5
6.d3 Bf8e7
7.c4 O-O
8.Nb1c3 a6
9.O-O Nb8c6
10.a3 b5
11.cxb5 axb5
12.Nc3xb5 Bc8a6
13.a4 Qd8b6
14.Nb5c3 Rf8b8
15.Nf3d2 Ra8a7
16.Nc3d5 Nf6xd5
17.Bg2xd5 Nc6d4
18.e3 Nd4f5
19.Bd5c4 Ba6b7
20.Qd1g4 g6
21.Qg4xg6 Kh8
22.Qg6xf5 f6
23.Qf5g6 Be7f8
24.Qg6g8 { resign }
1-0

[Event "Tourn. n8747"]
[Site "www.chess-mail.com"]
[Date "2016.05.19"]
[Round "1"]
[White "Koumaak"]
[Black "Picifarkinca"]
[WhiteElo "1760"]
[BlackElo "1720"]
[Result "0-1"]
[Round "1"]
1.e4 Ng8f6
2.d3 d6
3.Nb1c3 e5
4.h3 Bc8e6
5.Ng1f3 h6
6.Bc1e3 c5
7.Qd1d2 Nb8c6
8.O-O-O Nc6d4
9.Be3xd4 cxd4
10.Nc3b5 Be6xa2
11.b3 a6
12.Nb5xd4 Qd8b6
13.c3 exd4
14.Qd2xa2 dxc3
15.Qa2c2 Ra8c8
16.e5 dxe5
17.Nf3xe5 Bf8a3
18.Kb1 Qb6c7
19.Ne5c4 Ba3e7
20.Qc2xc3 b5
21.d4 bxc4
22.Rd1c1 O-O
23.Bf1xc4 Qc7b6
24.Rh1e1 Be7b4
25.Qc3e3 Bb4xe1
26.Qe3xe1 Rc8xc4
27.g4 Qb6xb3
28.Ka1 Rc4a4
{ resign }
0-1

[Event "Match"]
[Site "www.echecsemail.com"]
[Date "2016.05.19"]
[Round "1"]
[White "Fkarpov"]
[Black "Elogic"]
[WhiteElo "2170"]
[BlackElo "1880"]
[Result "1-0"]
[Round "1"]
1.d4 c5
2.d5 Qd8b6
3.e4 d6
4.Bf1c4 g6
5.Nb1c3 Bf8g7
6.Qd1d3 Bc8d7
7.Ng1f3 Bd7g4
8.O-O e5
9.h3 Bg4d7
10.a4 a5
11.Ra1a3 Qb6c7
12.Nc3b5 Bd7xb5
13.axb5 Ng8e7
14.Bc1g5 f6
15.Bg5d2 b6
16.c3 Nb8d7
17.b4 O-O
18.bxa5 Ra8xa5
19.Ra3xa5 bxa5
20.Bc4a2 Nd7b6
21.c4 a4
22.Rf1b1 f5
23.Nf3g5 Rf8f6
24.Ng5e6 Qc7a7
25.f4  { time }
1-0

[Event "Match"]
[Site "www.echecsemail.com"]
[Date "2016.05.19"]
[Round "1"]
[White "Jhzes"]
[Black "Pellix84"]
[WhiteElo "1809"]
[BlackElo "1860"]
[Result "1-0"]
[Round "1"]
1.e4 c6
2.b3 d5
3.exd5 cxd5
4.Bc1b2 e6
5.Ng1f3 Ng8f6
6.d3 Nb8c6
7.Nb1d2 b6
8.g3 Bc8b7
9.Bf1g2 Ra8c8
10.Nf3e5 Qd8c7
11.Ne5xc6 Bb7xc6
12.Bb2xf6 gxf6
13.Qd1h5 Bf8g7
14.O-O f5
15.Ra1e1 O-O
16.Nd2f3 f4
17.gxf4 Qc7xf4
18.Nf3g5 h6
19.Ng5h3 Qf4d2
20.Re1e2 Qd2a5
21.a4 d4
22.Qh5xa5 bxa5
23.f4 Bc6d7
24.Nh3f2 Rc8c5
25.Nf2e4 Rc5f5
26.Bg2h3 Rf5h5
27.Bh3g4 Rh5h4
28.Ne4f2 f5
29.Bg4f3 Rh4xf4
30.Bf3g2 Kh8
31.Nf2h3 Rf4g4
32.Rf1f4 h5
33.Rf4xg4 hxg4
34.Nh3g5 e5
35.Bg2d5 Rf8e8
36.Bd5f7 Re8e7
37.Bf7d5 f4
38.Ng5f7 Kh7
39.Nf7d6 f3
40.Re2f2 Bg7f6
41.Nd6c4 Bf6h4
42.Rf2f1 Re7e8
43.Nc4xa5 Re8f8
44.Na5c4 f2
45.Kg2 Kg7
46.Nc4xe5 Rf8f5
47.Ne5xd7 Rf5xd5
48.Nd7b8 Rd5f5
49.Nb8c6 Rf5f4
50.Nc6xa7 Kf6
51.a5 Rf4f3
52.Na7c6 Rf3e3
53.Nc6xd4 Re3e1
54.b4 Ke5
55.Nd4b3 Re1xf1
56.Kxf1 Kf4
57.a6 { resign }
1-0

[Event "Match"]
[Site "www.echecsemail.com"]
[Date "2016.05.19"]
[Round "1"]
[White "Hundegana"]
[Black "Elogic"]
[WhiteElo "1930"]
[BlackElo "1900"]
[Result "1-0"]
[Round "1"]
1.f4 e6
2.g3 Nb8c6
3.Ng1f3 d5
4.Bf1g2 f6
5.O-O Bf8c5
6.Kh1 Ng8e7
7.c3 Qd8d6
8.d4 Bc5b6
9.Nb1d2 Bc8d7
10.Qd1c2 g5
11.e3 O-O-O
12.b4 g4
13.Nf3g1 f5
14.a3 h5
15.Ng1e2 h4
16.Rf1f2 hxg3
17.Ne2xg3 e5
18.a4 exd4
19.cxd4 Nc6xb4
20.Qc2b3 Qd6h6
21.Bg2f1 c5
22.a5 Bb6c7
23.dxc5 Ne7c6
24.Bc1b2 Rh8h7
25.Bb2c3 Bc7xa5
26.Ra1xa5 Nc6xa5
27.Qb3xb4 Na5c6
28.Qb4b2 Rd8e8
29.Bc3d4 Nc6xd4
30.Qb2xd4 Bd7c6
31.Ng3xf5 Qh6f8
32.Nf5d6 Kb8
33.Nd6xe8 Qf8xe8
34.Qd4e5 Qe8xe5
35.fxe5 d4
36.Bf1g2 dxe3
37.Rf2f8 Kc7
38.Bg2xc6 e2
39.Rf8f1  { time }
1-0

[Event "Match"]
[Site "www.echecsemail.com"]
[Date "2016.05.19"]
[Round "1"]
[White "Milkyway"]
[Black "Ericleo1980"]
[WhiteElo "1809"]
[BlackElo "2260"]
[Result "1/2-1/2"]
[Round "1"]
1.d4 d5
2.Ng1f3 Ng8f6
3.g3 c6
4.Bf1g2 Bc8f5
5.O-O Qd8c8
6.Nf3e5 Bf5h3
7.c3 Bh3xg2
8.Kxg2 Nb8d7
9.Ne5xd7 Qc8xd7
10.Bc1f4 e6
11.Bf4e5 Bf8e7
12.Nb1d2 O-O
13.Be5xf6 Be7xf6
14.Nd2f3 Qd7c7
15.Kg1 e5
16.dxe5 Bf6xe5
17.Qd1d3 f5
18.Nf3xe5 Qc7xe5
19.e3 Rf8f6
20.Qd3d4 Qe5xd4
21.exd4 Ra8e8
22.Rf1e1 Rf6e6
23.Kf1 g5
24.Re1xe6 Re8xe6
25.Ra1e1 { draw }
1/2-1/2

[Event "Match"]
[Site "www.echecsemail.com"]
[Date "2016.05.19"]
[Round "1"]
[White "Chessexpert"]
[Black "Raulazo"]
[WhiteElo "1480"]
[BlackElo "1920"]
[Result "0-1"]
[Round "1"]
1.d4 d5
2.Bc1f4 e6
3.e3 a6
4.Ng1f3 Nb8c6
5.c3 b5
6.Bf1d3 b4
7.O-O Ng8f6
8.Nf3e5 Nc6xe5
9.Bf4xe5 Bf8d6
10.Nb1d2 Bd6xe5
11.dxe5 Nf6d7
12.f4 c6
13.Qd1g4 g6
14.h4 h5
15.Qg4g5 Nd7c5
16.Bd3c2 Qd8b6
17.Qg5f6 Rh8f8
18.Ra1e1 Qb6a5
19.Nd2b3 Nc5xb3
20.Bc2xb3 bxc3
21.bxc3 Qa5xc3
22.Re1e2 a5
23.Bb3a4 Bc8d7
24.Rf1f3 Qc3d3
25.Kf2 d4
26.exd4 Qd3xd4
27.Kg3 Qd4xa4
28.Rf3d3 Qa4b5
29.Re2d2 Ra8a7
30.Qf6g5 Qb5b1
{ resign }
0-1

[Event "Match"]
[Site "www.echecsemail.com"]
[Date "2016.05.19"]
[Round "1"]
[White "Ostapbender"]
[Black "Amadeus"]
[WhiteElo "2750"]
[BlackElo "2159"]
[Result "0-1"]
[Round "1"]
1.d4 d5
2.c4 e6
3.Ng1f3 c5
4.cxd5 exd5
5.g3 Ng8f6
6.Bf1g2 Nb8c6
7.O-O Bf8e7
8.b3 cxd4
9.Bc1b2 O-O
10.Nf3xd4 Qd8b6
11.Nd4xc6 bxc6
12.Nb1c3 Bc8f5
13.Ra1c1 Rf8e8
14.Nc3a4 Qb6b5
15.Qd1d2 Ra8c8
16.Rf1d1 Be7b4
17.Qd2f4 Nf6e4
18.Qf4xf5 g6
19.Qf5f3 Qb5a6
20.Qf3d3 Qa6xd3
21.exd3 Ne4g5
22.a3 Bb4f8
23.Bb2f6 Ng5e6
24.b4 Bf8g7
25.Bf6xg7 Kxg7
26.d4 Kf8
27.Na4c5 Ke7
28.Rd1e1 Kd6
29.Nc5xe6 Re8xe6
30.Bg2h3 Re6xe1
31.Rc1xe1 Rc8a8
32.Bh3f1 a5
33.b5 cxb5
34.Bf1xb5 Ra8c8
35.a4 Rc8c2
36.Re1e8 Rc2d2
37.Re8d8 Ke6
38.Rd8a8 Rd2xd4
39.Ra8xa5 g5
40.Ra5a6 Ke7
41.Ra6h6 Rd4e4
42.Rh6xh7 Kf6
43.Rh7h6 Ke5
44.Rh6h8 Re4b4
45.h4 gxh4
46.Rh8xh4 Rb4b3
47.Rh4h5 Ke6
48.Kg2 Rb3a3
49.Rh5h8 Ra3a2
50.Kf3 Kd6
51.Rh8d8 Ke5
52.g4 Ra2a3
 { time }
0-1

[Event "Match"]
[Site "www.echecsemail.com"]
[Date "2016.05.19"]
[Round "1"]
[White "Chessexpert"]
[Black "Moti123"]
[WhiteElo "1450"]
[BlackElo "1499"]
[Result "1-0"]
[Round "1"]
1.d4 e6
2.Ng1f3 Nb8c6
3.e4 Qd8f6
4.c3 Qf6g6
5.e5 Ng8h6
6.Qd1d3 b6
7.Qd3xg6 fxg6
8.Bf1d3 Bf8e7
9.Bc1xh6 gxh6
10.Nb1d2 Be7g5
11.O-O Bg5f4
12.g3 Bf4g5
13.Nf3xg5 hxg5
14.Nd2e4 h6
15.Ne4f6 Kf7
16.f4 gxf4
17.Rf1xf4 d6
18.Nf6d5 Kg7
19.Nd5xc7 Ra8b8
20.exd6 Rh8d8
21.Ra1f1 Rd8xd6
22.Rf4f7 Kg8
23.Rf7f8 Kg7
24.Rf1f7  { time }
1-0

[Event "Match"]
[Site "www.echecsemail.com"]
[Date "2016.05.19"]
[Round "1"]
[White "Moti123"]
[Black "1xdia"]
[WhiteElo "1499"]
[BlackElo "1499"]
[Result "0-1"]
[Round "1"]
1.e4 c5
2.Qd1h5 e6
3.Nb1c3 d6
4.e5 g6
5.Qh5e2 Bf8g7
6.exd6 Qd8xd6
7.Nc3b5 Qd6b6
8.Ng1f3 Ng8e7
9.Nf3g5 O-O
10.d3 Qb6xb5
11.d4 Qb5xe2
12.Bf1xe2 cxd4
13.O-O Bc8d7
14.Be2f3 Nb8c6
15.Rf1d1 e5
16.Ng5e4 b6
17.Bc1g5 f6
18.Bg5d2 Ra8c8
19.b4 Bd7f5
20.b5 Nc6b8
21.Bd2b4 Rf8e8
22.Ne4d6 Bf5xc2
23.Nd6xc8 Bc2xd1
24.Nc8xe7 Kf7
25.Ra1xd1 Re8xe7
26.Bb4xe7 Kxe7
27.Rd1c1 Kd7
28.Bf3c6 Nb8xc6
29.bxc6 Kc7
30.Kf1 f5
31.Ke2 Bg7f8
 { time }
0-1

[Event "Match"]
[Site "www.echecsemail.com"]
[Date "2016.05.19"]
[Round "1"]
[White "Mdesouza"]
[Black "Amo"]
[WhiteElo "2290"]
[BlackElo "1809"]
[Result "1-0"]
[Round "1"]
1.e4 e6
2.d4 d5
3.Nb1d2 dxe4
4.Nd2xe4 Ng8f6
5.Ne4xf6 Qd8xf6
6.Ng1f3 c5
7.Bc1g5  { time }
1-0

[Event "Match"]
[Site "www.echecsemail.com"]
[Date "2016.05.19"]
[Round "1"]
[White "Maredocla"]
[Black "Ztornad"]
[WhiteElo "2000"]
[BlackElo "1770"]
[Result "0-1"]
[Round "1"]
1.f4 d5
2.Ng1f3 Nb8c6
3.b3 Bc8f5
4.a3 Ng8f6
5.Bc1b2 e6
6.h3 h6
7.g4 Bf5h7
 { time }
0-1

[Event "Match"]
[Site "www.echecsemail.com"]
[Date "2016.05.19"]
[Round "1"]
[White "Matchbox"]
[Black "Pare123"]
[WhiteElo "1720"]
[BlackElo "1930"]
[Result "1/2-1/2"]
[Round "1"]
1.b3 e5
2.Bc1b2 Nb8c6
3.e3 d5
4.Bf1b5 Bc8d7
5.Ng1e2 Bf8d6
6.Ne2g3 Ng8f6
7.O-O O-O
8.Bb5xc6 Bd7xc6
9.Ng3f5 Qd8d7
10.Nf5xd6 cxd6
11.d4 Rf8e8
12.Nb1d2 Nf6e4
13.Nd2xe4 dxe4
14.c4 b6
15.dxe5 dxe5
16.Qd1xd7 Bc6xd7
17.Ra1d1 Bd7f5
18.h3 h6
19.g4 Bf5g6
20.Rd1d5 f6
21.Rf1d1 Kh7
22.Kg2 h5
23.Rd5d7 Kh6
24.Kg3 Re8g8
25.f3 exf3
26.Kxf3 Kg5
27.Kg3 h4
28.Kf3 Kh6
29.e4 a6
30.Bb2c1 Kh7
31.Bc1e3 Rg8b8
32.Be3f2 Bg6e8
33.Rd7d6 b5
34.c5 Rb8c8
35.b4 a5
36.a3 axb4
37.axb4 Ra8a3
38.Rd1d3 Ra3xd3
39.Rd6xd3 g5
40.Rd3d6 Kg6
41.Bf2e3 { draw }
1/2-1/2

[Event "Match"]
[Site "www.echecsemail.com"]
[Date "2016.05.19"]
[Round "1"]
[White "Timt"]
[Black "Potemkine"]
[WhiteElo "1199"]
[BlackElo "1530"]
[Result "0-1"]
[Round "1"]
1.e3 Nb8c6
2.Bf1c4 e6
3.g3 f5
4.b3 Nc6e5
5.h3 Ne5xc4
6.bxc4 Ng8f6
7.Nb1c3 Bf8b4
8.Ra1b1 Bb4xc3
9.dxc3 Nf6e4
10.Rb1b3 Qd8f6
11.Ng1f3 Ne4xc3
12.Qd1d2 Nc3e4
13.Qd2a5 b6
14.Qa5e5 Qf6f7
15.h4 Qf7h5
16.Ke2 Bc8a6
17.Qe5xc7 Ke7
18.Bc1a3 Ke8
19.Rh1d1 Ne4c5
20.Ba3xc5 Ra8d8
21.Bc5b4 Qh5g4
22.Qc7xa7 Ba6xc4
23.Rd1d3 Bc4xd3
24.Kxd3 Qg4xf3
25.Qa7xb6 Qf3xf2
26.Bb4d6 Qf2f1
27.Kd2 Kf7
28.Bd6e5 Rd8b8
29.Be5xb8 Qf1f2
30.Kd3 Qf2f1
31.Kd2 Qf1g2
32.Kc3 Rh8c8
33.Kd3 Qg2xc2
34.Kd4 Qc2e4

0-1

[Event "Match"]
[Site "www.echecsemail.com"]
[Date "2016.05.19"]
[Round "1"]
[White "Obisporey"]
[Black "Manolinex"]
[WhiteElo "2560"]
[BlackElo "2890"]
[Result "0-1"]
[Round "1"]
1.Ng1f3 Ng8f6
2.g3 d5
3.Bf1g2 Bc8f5
4.d3 e6
5.O-O Nb8c6
6.Nb1d2 Bf8e7
7.Nf3h4 Bf5g4
8.h3 Bg4h5
9.c4 dxc4
10.Bg2xc6 bxc6
11.Nd2xc4 Nf6d5
12.Nh4g2 f6
13.Qd1c2 Qd8d7
14.a3 a5
15.e4 Nd5b6
16.Bc1e3 Nb6xc4
17.dxc4 e5
18.Kh2 a4
19.Ng2h4 O-O
20.Nh4f5 Rf8b8
21.g4 Bh5f7
22.Rf1d1 Qd7e6
23.Nf5xe7 Qe6xe7
24.Rd1d3 h5
25.gxh5 Bf7xh5
26.Ra1g1 Kf7
27.Be3c1 g5
28.Bc1e3 Rb8h8
29.Rg1g3 Rh8h7
30.f3 Kg8
31.Qc2d2 Bh5e8
32.Rd3d5 Kg7
33.Rd5a5 Ra8d8
34.Qd2g2 Rh7h5
35.Ra5xa4 Be8d7
36.Ra4a7 Bd7e6
37.Qg2f1 Kg6
38.b3 Rd8h8
39.Kg1 Rh5xh3
40.Rg3xh3 Rh8xh3
41.Qf1g2 Qe7d7
{ resign }
0-1

[Event "1/128 Finale"]
[Site "www.chess-mail.com"]
[Date "2016.05.19"]
[Round "1"]
[White "Egdiogel"]
[Black "Plymouth"]
[WhiteElo "2229"]
[BlackElo "1769"]
[Result "1-0"]
[Round "1"]
1.e4 e6
2.g3 d5
3.Bf1g2 dxe4
4.Bg2xe4 Ng8f6
5.Be4g2 Bf8c5
6.Ng1f3 Nb8c6
7.Nb1c3 O-O
8.h3 a6
9.d3 e5
10.Bc1g5 Bc5b4
11.Bg5d2 Rf8e8
12.O-O Bb4xc3
13.Bd2xc3 Nf6d5
14.Bc3d2  { time }
1-0

[Event "Eq:Slap Shot Mates-chibcha : "]
[Site "www.chess-mail.com"]
[Date "2016.05.19"]
[Round "1"]
[White "Witpar"]
[Black "Karlgrocer"]
[WhiteElo "2700"]
[BlackElo "2050"]
[Result "1-0"]
[Round "1"]
1.d4 d5
2.c4 c6
3.Ng1f3 Ng8f6
4.e3 e6
5.Bf1d3 Bf8e7
6.O-O O-O
7.Nb1c3 dxc4
8.Bd3xc4 Nb8d7
9.e4 Nf6e8
10.Bc4d3 g6
11.Bc1h6 Ne8g7
12.Ra1c1 Rf8e8
13.Rf1e1 a6
14.e5 Nd7b6
15.g4 Nb6d5
16.a3 b5
17.Nc3e4 f5
18.gxf5 exf5
19.Ne4g5 Ng7e6
20.Ng5xe6 Bc8xe6
21.Rc1xc6 b4
22.Rc6xe6 bxa3
23.Bd3c4 axb2
24.Qd1b3 Ra8b8
25.Bc4xd5 Rb8xb3
26.Re6xg6 { resign }
1-0

[Event "Eq:Equipo Juan Diaz-chibcha : "]
[Site "www.chess-mail.com"]
[Date "2016.05.19"]
[Round "1"]
[White "Ecijaajedrez"]
[Black "Karlgrocer"]
[WhiteElo "2360"]
[BlackElo "2050"]
[Result "1-0"]
[Round "1"]
1.d4 d5
2.c4 c6
3.Nb1c3 e6
4.cxd5 cxd5
5.Ng1f3 Ng8f6
6.Bc1g5 Bf8e7
7.e3 O-O
8.Bf1d3 Nb8c6
9.O-O a6
10.Ra1c1 Bc8d7
11.Nf3e5 Nc6xe5
12.dxe5 Nf6e8
13.Bg5xe7 Qd8xe7
14.Qd1b3 Bd7c6
15.Nc3e2 Ne8c7
16.Qb3c2 g6
17.Ne2d4 Rf8c8
18.Nd4xc6 bxc6
19.Qc2xc6 Qe7d8
20.Qc6a4 Qd8g5
21.Qa4d7 Qg5xe5
22.Rc1c2 Rc8f8
23.Qd7xc7 Qe5xc7
24.Rc2xc7 { resign }
1-0

[Event "Tourn. n8741"]
[Site "www.chess-mail.com"]
[Date "2016.05.20"]
[Round "1"]
[White "Picifarkinca"]
[Black "Falcoale"]
[WhiteElo "1720"]
[BlackElo "1770"]
[Result "1-0"]
[Round "1"]
1.e4 c5
2.a3 e6
3.Nb1c3 Nb8c6
4.Ng1f3 a6
5.d4 cxd4
6.Nf3xd4 Ng8f6
7.Bc1g5 Bf8e7
8.Bf1e2 h6
9.Bg5e3 O-O
10.O-O d5
11.Be2f3 Nc6xd4
12.Be3xd4 Nf6xe4
13.Nc3xe4 dxe4
14.Bf3xe4 f6
15.Bd4c3 f5
16.Be4f3 Qd8c7
17.Qd1e2 Be7d6
18.h3 e5
19.Bf3d5 Kh8
20.Ra1d1 Bd6xa3
21.Qe2xe5 Ba3d6
22.Qe5e3 f4
23.Qe3d3 Bd6e7
24.Qd3g6 Be7f6
25.Bc3xf6 Rf8xf6
26.Qg6e8 Kh7
27.Bd5g8 Kh8
28.Rd1d8 Rf6d6
29.Bg8d5 Kh7
30.Bd5e4 { resign }
1-0

[Event "Tourn. n8781"]
[Site "www.chess-mail.com"]
[Date "2016.05.20"]
[Round "1"]
[White "Jhzes"]
[Black "Francesco"]
[WhiteElo "1809"]
[BlackElo "1930"]
[Result "0-1"]
[Round "1"]
1.f4 d5
2.b3 c5
3.Bc1b2 Nb8c6
4.e3 Bc8f5
5.g4 Bf5e4
6.Ng1f3 e6
7.d3 Be4g6
8.h4 h6
9.h5 Bg6h7
10.d4 Bf8d6
11.dxc5 Qd8a5
12.Bb2c3 Qa5xc5
13.Bc3xg7 Qc5xe3
14.Qd1e2 Qe3xf4
15.Bg7xh8 Qf4g3
16.Qe2f2 Qg3xg4
17.Bf1e2 Bh7xc2
18.Rh1g1 Bd6b4
19.Nf3d2 Qg4h3
20.Be2f1 Qh3xh5
21.Rg1xg8 Ke7
22.Rg8xa8 Qh5d1
{ resign }
0-1

[Event "Tourn. n8774"]
[Site "www.chess-mail.com"]
[Date "2016.05.20"]
[Round "1"]
[White "Biggles"]
[Black "Viru"]
[WhiteElo "1980"]
[BlackElo "1840"]
[Result "1-0"]
[Round "1"]
1.e4 e5
2.Ng1f3 Bf8c5
3.Nb1c3 h6
4.Bf1c4 Ng8f6
5.Nf3xe5 Nf6xe4
6.Bc4xf7 Kf8
7.d4 Qd8f6
8.Nc3xe4 Qf6f5
9.Bf7g6 Qf5e6
10.Ne4xc5 Qe6d5
11.Qd1f3 Qd5xf3
12.Ne5xf3 b6
13.Nc5e4 d5
14.Ne4c3 c6
15.O-O Nb8a6
16.Bc1f4 Ke7
17.Nf3e5 Kf6
18.h4 Bc8f5
19.h5 Bf5xg6
20.Ne5xg6 Ra8e8
21.Ng6xh8 Re8xh8
22.Ra1e1 g5
23.Bf4e5 { resign }
1-0

[Event "Tourn. n8681"]
[Site "www.chess-mail.com"]
[Date "2016.05.20"]
[Round "1"]
[White "Roserl"]
[Black "Amaya"]
[WhiteElo "1920"]
[BlackElo "2040"]
[Result "1-0"]
[Round "1"]
1.e4 e6
2.d4 d5
3.Nb1c3 Bf8b4
4.e5 Ng8e7
5.a3 Bb4xc3
6.bxc3 c5
7.Bf1e2 Qd8c7
8.Ng1f3 cxd4
9.cxd4 Nb8c6
10.O-O O-O
11.Be2d3 Qc7a5
12.Bc1d2 Qa5d8
13.Bd3xh7 Kh8
14.Nf3g5 Ne7f5
15.Qd1h5 Nf5h6
16.Ng5xf7 Rf8xf7
17.Bd2xh6 gxh6
18.Qh5xf7 Nc6xd4
19.Bh7d3 Qd8g8
20.Qf7f6 Qg8g7
21.Qf6d8 Qg7g8
22.Qd8xg8 Kxg8
23.f4 Bc8d7
24.Ra1b1 b6
25.c3 Nd4f5
26.Rf1e1 Ra8c8
27.Rb1c1 Rc8f8
28.g3 Rf8f7
29.c4 Bd7c6
30.cxd5 Bc6xd5
31.Bd3c4 Nf5d4
32.Bc4xd5 exd5
33.Kg2 b5
34.Re1d1 Nd4f5
35.Kf3 d4
36.Ke4 Kg7
37.Rd1xd4 Nf5xd4
38.Kxd4 Rf7d7
39.Ke4 Rd7d2
40.h4 Rd2a2
41.Rc1c3 a5
42.f5 { resign }
1-0

[Event "Tourn. n8782"]
[Site "www.chess-mail.com"]
[Date "2016.05.20"]
[Round "1"]
[White "Jesmantiz"]
[Black "Vitoriccardo"]
[WhiteElo "1900"]
[BlackElo "1920"]
[Result "1-0"]
[Round "1"]
1.d4 Ng8f6
2.e3 e6
3.Bf1d3 c5
4.c3 d5
5.Nb1d2 c4
6.Bd3c2 Bf8d6
7.f4 Nb8c6
8.Ng1f3 Nf6g4
9.Qd1e2 O-O
10.O-O b5
11.Nf3e5 Bd6xe5
12.fxe5 Bc8b7
13.Qe2xg4 b4
14.Rf1f3 bxc3
15.bxc3 Nc6e7
16.Bc1a3 Rf8e8
17.Ra1f1 { resign }
1-0

[Event "Tourn. n8765"]
[Site "www.chess-mail.com"]
[Date "2016.05.20"]
[Round "1"]
[White "Faerieking"]
[Black "Romaamor69"]
[WhiteElo "2260"]
[BlackElo "2119"]
[Result "0-1"]
[Round "1"]
1.e4 e6
2.d4 d5
3.Nb1c3 Ng8f6
4.Bc1g5 Bf8b4
5.e5 h6
6.exf6 hxg5
7.fxg7 Rh8g8
8.Ng1e2 Rg8xg7
9.g3 Qd8f6
10.Qd1d3 Bc8d7
11.Bf1g2 Nb8c6
12.O-O-O O-O-O
13.h4 gxh4
14.Rh1xh4 Qf6xf2
15.Bg2h3 Bb4xc3
16.bxc3 Qf2f6
17.Rd1f1 Qf6e7
{ resign }
0-1

[Event "Tourn. n8733"]
[Site "www.chess-mail.com"]
[Date "2016.05.20"]
[Round "1"]
[White "Silent1"]
[Black "Picifarkinca"]
[WhiteElo "1820"]
[BlackElo "1720"]
[Result "0-1"]
[Round "1"]
1.d4 c6
2.c4 d5
3.e3 Ng8f6
4.Nb1c3 Bc8f5
5.Ng1f3 dxc4
6.Bf1xc4 e6
7.O-O Nb8d7
8.Bc4d3 Qd8a5
9.a3 Bf5xd3
10.Qd1xd3 Bf8e7
11.Bc1d2 Qa5h5
12.h3 O-O-O
13.Nc3e2 Nd7c5
14.Qd3c2 Nc5e4
15.Ne2f4 Qh5b5
16.Nf4e2 Qb5xe2
17.Ra1e1 Qe2a6
18.Bd2c1 Kb8
19.b4 Qa6b6
20.Nf3d2 Ne4xd2
21.Bc1xd2 Rh8e8
22.Re1b1 Rd8d5
23.Qc2d3 Be7f8
24.Rf1c1 e5
25.Bd2c3 e4
26.Qd3d2 Bf8d6
27.a4 Rd5g5
28.b5 c5
29.dxc5 Bd6xc5
30.Bc3b4 Bc5xb4
31.Qd2xb4 Qb6e6
32.Kf1 Rg5d5
33.Rc1d1 Re8d8
34.Rd1xd5 Qe6xd5
35.a5 Qd5d6
36.Qb4xd6 Rd8xd6
37.Ke1 Rd6d3
38.a6 b6
39.Ke2 Nf6d5
40.Ke1 Nd5c3
41.Rb1a1 Nc3xb5
42.Ke2 Rd3a3
43.Ra1xa3 Nb5xa3
44.Kd2 Na3b5
45.Kc2 Kc7
46.Kb3 Kc6
47.Kb4 f5
48.h4 Nb5c7
{ resign }
0-1

[Event "Tourn. n8763"]
[Site "www.chess-mail.com"]
[Date "2016.05.20"]
[Round "1"]
[White "Caspito"]
[Black "Claudia"]
[WhiteElo "1710"]
[BlackElo "1810"]
[Result "0-1"]
[Round "1"]
1.e4 c5
2.b3 d6
3.Bc1b2 e6
4.Nb1c3 Ng8f6
5.Ng1f3 Bf8e7
6.d3 O-O
7.Bf1e2 Nb8c6
8.O-O a6
9.Nc3a4 b5
10.Na4c3 Bc8b7
11.a3 Qd8c7
12.Nc3a2 Rf8d8
13.c3 d5
14.e5 Nc6xe5
15.c4 d4
16.b4 Nf6g4
17.Bb2c1 Ne5xf3
{ resign }
0-1

[Event "Tourn. n8758"]
[Site "www.chess-mail.com"]
[Date "2016.05.20"]
[Round "1"]
[White "Attatroll"]
[Black "Libiesse"]
[WhiteElo "1950"]
[BlackElo "1910"]
[Result "0-1"]
[Round "1"]
1.d4 d5
2.Ng1f3 Ng8f6
3.c4 e6
4.e3 c5
5.cxd5 exd5
6.Bf1b5 Nb8d7
7.Nf3e5 a6
8.Ne5xd7 Bc8xd7
9.Bb5xd7 Qd8xd7
10.O-O cxd4
11.exd4 Bf8e7
12.Nb1c3 O-O
13.Bc1g5 Rf8e8
14.Rf1e1 b5
15.Qd1f3 Ra8d8
16.Ra1d1 b4
17.Bg5xf6 Be7xf6
18.Re1xe8 Qd7xe8
19.Nc3xd5 Bf6xd4
20.g3 Bd4c5
{ resign }
0-1

[Event "Tourn. n8793"]
[Site "www.chess-mail.com"]
[Date "2016.05.20"]
[Round "1"]
[White "Jhzes"]
[Black "Masteratches"]
[WhiteElo "2370"]
[BlackElo "2650"]
[Result "0-1"]
[Round "1"]
1.d4 d5
2.Bc1f4 Ng8f6
3.Nb1c3 c5
4.dxc5 Nb8c6
5.Bf4g5 d4
6.Bg5xf6 exf6
7.Nc3e4 Bc8f5
8.Ne4g3 Bf8xc5
9.Ng3xf5 Bc5b4
10.c3 dxc3
11.Nf5d6 Qd8xd6
12.Qd1xd6 cxb2
{ resign }
0-1

[Event "Tourn. n8736"]
[Site "www.chess-mail.com"]
[Date "2016.05.20"]
[Round "1"]
[White "Faerieking"]
[Black "Abuelo"]
[WhiteElo "2260"]
[BlackElo "2220"]
[Result "1-0"]
[Round "1"]
1.e4 e5
2.Ng1f3 Qd8f6
3.Nb1c3 c6
4.Bf1c4 b5
5.Bc4b3 Bf8b4
6.O-O Bb4xc3
7.dxc3 d6
8.Bc1g5 Qf6g6
9.Nf3xe5 Qg6xg5
10.Ne5xf7 Qg5e7
11.Nf7xd6 Kf8
12.Nd6xc8 Qe7xe4
13.Qd1d6 Ng8e7
14.Qd6d8 { resign }
1-0